000 00344 a2200157 4500
001 158160
020 _a
040 _cMagnum
100 _a-
240 1 0 _aEnciclopedia ilustrada do estudante/v.7
_lpor
245 1 0 _aEnciclopedia ilustrada do estudante/v.7
362 0 _a1899
440 1 _aGlobo
697 _aENCICLOPEDIAS
942 _cBK
999 _c158160
_d158160